000 00619nam a22002051i 4500
001 54398
003 ES-MaACL
005 20231218201511.0
007 t|
008 900725s1979 sp ||||0|bspa d
020 _a84-7035-056-0
080 _a929 Mendoza, María de
100 1 _aFormica, Mercedes,
_d1913-2002
_9155403
245 1 0 _aMaría de Mendoza
_b: (solución a un enigma amoroso) /
_c[por] Mercedes Fórmica.
260 _aMadrid :
_bCaro Raggio,
_c[1979]
300 _a379 p., 1 h ;
_c19 cm.
600 1 4 _aMendoza, María de.
_980254
852 _aES-MaACL
_jA-10682
999 _c54398
_d54398